| 000 | 01046nam a2200301 a 4500 | ||
|---|---|---|---|
| 999 |
_c529472 _d529472 |
||
| 001 | 1898351 | ||
| 003 | NUST | ||
| 005 | 20190926130730.0 | ||
| 008 | 850104s1984 dcua b 000 0 eng | ||
| 010 | _a 84052809 | ||
| 020 |
_a0309038685 (pbk.) : _c$7.20 |
||
| 038 | _aMSOHAIL | ||
| 040 |
_aDLC _cDLC _dDLC |
||
| 050 | 0 | 0 |
_aTS660 _b.C58 1984 |
| 082 | 0 | 0 |
_a672.733 _219 |
| 100 | 1 |
_aCoburn, Seymour K. _921603 |
|
| 245 | 1 | 0 |
_aCost-effectiveness of hot-dip galvanizing for exposed steel / _cSeymour K. Coburn. |
| 260 |
_aWashington, D.C. : _bTransportation Research Board, National Research Council, _c[1984] |
||
| 300 |
_a28 p. : _bill. ; _c28 cm. |
||
| 490 | 1 |
_aNational Cooperative Highway Research Program synthesis of highway practice, _x0547-5570 ; _v112 |
|
| 500 | _a"December 1984." | ||
| 504 | _aBibliography: p. 17. | ||
| 650 | 0 |
_aGalvanizing. _921604 |
|
| 650 | 0 |
_aSteel, Galvanized. _921605 |
|
| 830 | 0 |
_aSynthesis of highway practice ; _v112. _921606 |
|
| 906 |
_a7 _bcbc _corignew _d3 _eocip _f19 _gy-gencatlg |
||
| 942 |
_2ddc _cBK |
||